00736nam a22002297a 450000500170000001000130001702000210003003500130005103700160006404000120008008200150009210000230010724500610013026000370019127000310022830000200025965000160027965000240029594200240031999900190034395201440036220170124105949.0 aA-118270 c00.00a900860588 aA-118270 bCen Lib/Ret aDPLbEN a270.4bIDR aIdries Shah913083 aA veiled gazelle :cby Idries Shah bseeing how to see / aLondon bThe Octagon Pressc1977 bLondon a14, baker street  a102p.c16cm(Hb) aIslam95289 aReflections 913084 2ddccENh270.4mIDR c125121d125121 04104070aLbLd2015-06-19eCen Lib/Retg0.00l0o270.4 IDRpA-118270r2015-06-19 00:00:00t1v0.00w2015-06-19yENzW/d list no. 6839/10